00425cam a2200157ua 45000010005000000080039000050400009000440820008000531000032000612450054000932500010001472600038001573000016001956530014002116530042002252916110916n ii |||gr||||Z||||||asm cMAIN a9201 aNeog, Hari Prasad,eEditor.11aPramath nath Chakravartyced. by Hari Prasad Neog a1968. aJorhat:bAssam Sahitya Sabha,968. a35p:c23cm. aBiography aBiography of Pramath nath Chakravarty